000 00340nam a2200133Ia 4500
008 240624s9999 xx 000 0 und d
041 _aeng
082 _a658.8 GOO
100 _aGOODWIN PAUL
245 _aPROFIT FROM YOUR FORECASTING SOFTWARE A
260 _c2018
_aNew Jersey
_bWiley
300 _axviii, 222 p.; 23 cm.
365 _c
_b33
999 _c32377
_d32377